Hajj

Bibliographic Details
Main Author: Ali Shariati
Format: Book
Published: Kuala Lumpur : IKRAQ , 1987
Subjects:

MARC

LEADER 00000cam a2200000 7i4500
001 0000004802
002 000005177
005 20000330.0
020 |a T000000415 
090 0 0 |a 297.55   |b ALI 
100 0 |a Ali Shariati 
245 1 0 |a Hajj   |c Ali Shariati 
260 |a Kuala Lumpur :   |b IKRAQ ,   |c 1987 
300 |a 158 p. ;   |c 22 cm. 
650 0 0 |a Pilgrimage 
999 |a 035457   |b BUKU   |c PINJAMAN   |e PERPUSTAKAAN KOMUNITI PETALING JAYA